000
00290nam a2200097Ia 4500
008
220204s9999 xx 000 0 und d
082
_a
624.21(03)
_b
GUI
245
0
_a
Guinness book of structures, bridges, towers, tunnels and dams
260
_a
London
_b
Guinness Superlatives
_c
1976
942
_c
BK
999
_c
33654
_d
33654